000 00532nam a2200217Ia 4500
003 OSt
005 20220928140729.0
006 a|||||r|||| 00| 0
007 ta
008 220927b |||||||| |||| 00| 0 eng d
024 _a11396
037 _cTextual
040 _aSDCL
_cSDCL
_beng
041 _2eng
_aeng
082 _aVv, N2
100 _aKrieger Leonard
_9497303
245 0 _aIdeas and events/professing history
260 _c1992
942 _hVv, N2
_cTEXL
_2CC
999 _c813826
_d813826